Score 0/21 Timer 10:00
2 Plays Today
% Correct
Greenland
86.9%
Easter Island
82.7%
Madagascar
77.3%
Crete
74.4%
Bali
72%
Saint Helena
71.8%
Tasmania
69.9%
Sakhalin
65.9%
Java
62.3%
Taiwan
61.1%
Hainan
60.5%
% Correct
Pitcairn Island
60.2%
Spitsbergen
57%
Santa Cruz del Islote
56.1%
Socotra
55.6%
New Guinea
55.4%
North Sentinel Island
53.6%
Mauritius
49.8%
Tristan da Cunha
41.6%
Victoria Island
34.7%
Flores
33.4%

You're not logged in!

Compare scores with friends on all Sporcle quizzes.
OR
Log In

Sporcle TV

Today on Sporcle TV


Watch our educational content, quiz creation guides, and fun videos on Sporcle TV.

Show Comments

Extras

Top Quizzes Today


Score Distribution

Paid Content

Your Account Isn't Verified!

In order to create a playlist on Sporcle, you need to verify the email address you used during registration. Go to your Sporcle Settings to finish the process.

Report this User

Report this user for behavior that violates our Community Guidelines.

Details: